Clic Quel acteur(rice)-chanteur(se) joue dans ce film ? (3) - Statistiques

Statistiques générales
  • Ce quiz a été pris 12 fois
  • Le résultat moyen est 7 sur 28
Statistiques - réponses
Hint Réponse % Correct
La Vache et le Prisonnier Fernandel
100%
Casque d'Or de Jacques Becker Serge Reggiani
58%
En cas de malheur de Claude Autant-Lara Brigitte Bardot
50%
Tirez sur le pianiste de François Truffaut Charles Aznavour
50%
Un taxi pour Tobrouk de Denys de La Patellière Charles Aznavour
42%
Embrassez qui vous voudrez de Michel Blanc Jacques Dutronc
42%
Mort sur le Nil de John Guillermin Jane Birkin
42%
Garde à vue de Claude Miller Guy Marchand
33%
Archimède le clochard de Gilles Grangier Jean Gabin
33%
Gigi de Vincente Minnelli Maurice Chevalier
33%
La Belle Noiseuse de Jacques Rivette Jane Birkin
25%
La Madelon de Jean Boyer Line Renaud
25%
Can-Can de Walter Lang Maurice Chevalier
25%
Katia de Maurice Tourneur Danielle Darrieux
17%
Mes nuits sont plus belles que vos jours d'Andrzej Żuławski Jacques Dutronc
17%
Les Gaspards de Pierre Tchernia Annie Cordy
8%
Marie-Octobre de Julien Duvivier Darrieux
8%
Montmartre-sur-Seine de Georges Lacombe Edith Piaf
8%
Charlie Dingo de Gilles Béhat Guy Marchand
8%
La Belle Américaine, de Robert Dhéry et Pierre Tchernia Jean Lefebvre
8%
Les Affamés de Léa Frédeval Louane
8%
Des femmes disparaissent d'Édouard Molinaro Philippe Clay
8%
Deux Heures moins le quart avant Jésus-Christ de Jean Yanne Philippe Clay
8%
Samson contre Hercule de Gianfranco Parolini Serge Gainsbourg
8%
Les Grandes Manœuvres de René Clair Brigitte Bardot
0%
Un drôle de dimanche de Marc Allégret Darrieux
0%
French Cancan de Jean Renoir Edith Piaf
0%
La mariée est trop belle, de Pierre Gaspard-Huit Marcel Amont
0%
Aucun quiz correspondant
Distribution des résultats
% des personnes avec chaque résultat
Percentile par nombre de réponses
Votre historique - résultats
Vous n’avez pas pris ce quiz